000 01813cam a2200337 a 4500
001 000004891
005 20200929151528.0
008 800818s1983 pr b s101 1 spa
020 _a0847700577 (pbk.)
040 _aDO-SdBNP
_cDLC
_dDLC
082 _a923.97295
_bL792LzB
245 0 0 _aLuis Llorens Torres en su centenario /
_cEdwin Figueroa Berrios ... [et al.].
260 _aRio Piedras, Puerto Rico :
_bUniversidad de Puerto Rico,
_c1983.
300 _axii, 67 p. ;
_c18 cm.
490 1 _aUprex ;
_vno. 57
490 1 _aEstudios literarios
_vno. 57
500 _a"Ponencias presentadas en el foro sobre el poeta ... auspiciado por el Seminario de Estudios Hispánicos 'Federico de Onís' en la Fiesta de la Lengua y celebrado el 22 de abril de 1975, en la sede del Instituto de Cultura Puertorriqueña, San Juan, Puerto Rico"--P. [v]
505 0 _aReyes, E. La décima es Luis Llorens Torres .-- Núñez, A. El antillanismo en Llorens .-- Vásquez de Arce, M. El lenguaje poético de Luis Llorens Torres .-- Corretjer, JA Las condiciones de Luis Llorens Torres. - Caraballo de Abréu, D. La prosa de Luis Llorens Torres.
504 _aIncluye referencias bibliográficas y notas al pie de las páginas
600 1 4 _aLLORENS TORRES, LUIS,
_d1876-1944
_xCRÍTICA E INTERPRETACIÓN
_xCONGRESOS
_914147
650 4 _aLiteratura puertorriqueña
_9250
700 1 _aFigueroa Berríos, Edwin.
_914148
700 1 _aReyes, Ediwn.
_914149
700 1 _aNúñez, Apolinar.
_914150
700 1 _aVásquez, Margot Arce de.
_914151
700 1 _aCorretjer, Juan Antonio.
_911318
700 1 _aCaraballo de Abréu, Daisy.
_914152
710 1 _aPuerto Rico.
_bUniversity.
_tSeminario de Estudios Hispanicos.
_914153
830 0 _aUprex ;
_vno. 57
_pEstudios literarios
_914154
910 _aCatalogación por copia / LC
999 _c4697
_d4697